00683nam a2200193Ia 4500003000900000008004100009020002200050040001600072080001700088100003000105245005100135260007200186300001200258650002700270650002700297942000700324999001700331952014100348IN-BaIIA211028s9999 xx 000 0 eng d a978-81-89220-24-2 cIIA Library a52(540)bBAL aBalachandra Rao, S918001 0aIndian astronomyba primercS. Balachandra Rao aBangalorebBhavan's Gandhi Centre of Science and Human Valuesc2008 av, 90p. aAstronomy-India934330 aIndia-Astronomy935179 cBK c18357d18357 00104070aBANbBANcGENd2012-09-05eS g75.00l1o52(540)/ BALp19279r2025-07-02s2025-04-29v75.00w2012-09-05yBKGRs. 75.00